00679nam a2200169 a 450000100100000000500170001000800410002704000250006808200210009324501250011426000690023930000210030850000730032965000370040265000260043970000440046500002322020200930022052.0101130s2001 pn r 000 p spa d aDO-SdBNPbspacBNPHU aP861.4408bP745p00aPoesía panameña contemporánea :bantología 41 autores /ccompilación y prólogo Luis Carlos Jiménez Varela. aPanamá :bcírculo Cultura y Literario León A. Soto,c2001. a154 p. ;c21 cm. aIncluye referencia biográfica del compilador en la contra portada. 4aPoesía panameñaxColecciones 4aLiteratura panameña1 aJiménez Varela, Luis Carlos,epról.